| 000 | 00000nam##2200000za#4500 |
| 001 | 9.699037 |
| 003 | CaOODSP |
| 005 | 20210625000212 |
| 007 | cr ||||||||||| |
| 008 | 150407|2014||||xxc|||||o f|0| 0 eng|d |
| 020 | |a978-1-100-23376-5 |
| 040 | |aCaOODSP|beng |
| 043 | |an-cn--- |
| 086 | 1 |aHP40-101/3-2014E-PDF |
| 110 | 2 |aPublic Health Agency of Canada. |
| 245 | 10|aBaby boomers : |h[electronic resource]|bfindings from the 2012 HIV/AIDS Attitudinal Tracking Survey |
| 260 | |aOttawa - Ontario : |bPublic Health Agency of Canada |cOctober 2014. |
| 300 | |a2p. |
| 590 | |a15-05|b2015-01-30 |
| 690 | 07|aAIDS (disease)|2gcpds |
| 775 | 08|tLa génération du baby-boom : |w(CaOODSP)9.643030 |
| 856 | 40|ahttp://publications.gc.ca|qPDF|s133 KB|uhttps://publications.gc.ca/collections/collection_2015/aspc-phac/HP40-101-3-2014-eng.pdf |
| 986 | |aPub.: 130638 |